000 00459nam a2200157Ia 4500
008 240729s9999 xx 000 0 und d
022 _a2477-3344
245 0 _aCauchy: Jurnal Matematika Murni dan Aplikasi
260 _aIndonesia
260 _bMathematics Department UIN Maulana Malik Ibrahim Malang
650 _a Mathematics
650 _aScience
856 _uhttps://doaj.org/toc/dafffb23e52e4c17bde312de5385144e
942 _2ddc
942 _cDOAJEJ
999 _c66806
_d66806
945 _a1
_bMadushi Gamage
_c1
_dMadushi Gamage